Membrane separation processes (Record no. 598194)

000 -LEADER
fixed length control field 00354nam a2200121Ia 4500
008 - FIXED-LENGTH DATA ELEMENTS--GENERAL INFORMATION
fixed length control field 230907s9999||||xx |||||||||||||| ||und||
082 ## - DEWEY DECIMAL CLASSIFICATION NUMBER
Classification number 660.28424
Author Mark NAT,
100 ## - MAIN ENTRY--PERSONAL NAME
Personal name Nath, Kaushik
9 (RLIN) 115346
245 #0 - TITLE STATEMENT
Title Membrane separation processes
260 ## - PUBLICATION, DISTRIBUTION, ETC.
Place of publication, distribution, etc. Elsevier Scientific Pub. Co.,
Name of publisher, distributor, etc. Amsterdam ; | New York :
Date of publication, distribution, etc. 1976
300 ## - PHYSICAL DESCRIPTION
Extent [ix], 600 p. :
942 ## - ADDED ENTRY ELEMENTS (KOHA)
Koha item type Book
Holdings
Withdrawn status Lost status Damaged status Not for loan Permanent Location Current Location Date acquired Total Checkouts Full call number Barcode Date last seen Price effective from Koha item type
        US-Pakistan Center for Advanced Studies in Energy (USPCAS-E) US-Pakistan Center for Advanced Studies in Energy (USPCAS-E) 06/25/2018   660.28424 NAT, CAS-E0002293 09/12/2023 09/12/2023 Book
© 2023 Central Library, National University of Sciences and Technology. All Rights Reserved.